000 00400 a2200157 4500
001 60609
020 _a8523201912
040 _cAnchieta - Pituba
100 _aSandigursky, Clésia Andrade
240 1 0 _aVitimização sexual em crianças e adolescentes
_lpor
245 1 0 _aVitimização sexual em crianças e adolescentes
300 _a84
362 0 _a1999
650 4 _aViolência
942 _cBK
999 _c60609
_d60609